All Time Premier League Table - Statistics

General Stats
  • This quiz has been taken 22 times
  • The average score is 37 of 51
Answer Stats
Games Points Team % Correct
1304 2473 Arsenal
100%
1304 2366 Chelsea
100%
1304 2402 Liverpool
100%
1304 2614 Manchester United
100%
1190 1618 Aston Villa
95%
1304 1747 Everton
95%
620 867 Leeds
95%
1114 1958 Manchester City
95%
1304 1992 Tottenham
95%
688 846 Leicester
90%
1148 1432 West Ham
90%
1186 1656 Newcastle United
86%
962 1100 Southampton
86%
646 672 Sunderland
86%
266 312 Swansea
86%
456 497 Wolverhampton
86%
696 970 Blackburn
81%
343 433 Brighton
81%
380 371 Burnley
81%
354 409 Coventry
81%
392 402 Norwich
81%
350 418 Nottingham Forest
81%
342 411 Bournemouth
76%
190 253 Brentford
76%
76 64 Cardiff
76%
654 756 Crystal Palace
76%
266 274 Derby
76%
722 845 Fulham
76%
240 246 Ipswich
76%
278 308 QPR
76%
380 457 Stoke
76%
494 575 Bolton
71%
190 171 Hull
71%
574 661 Middlesbrough
71%
266 301 Birmingham
67%
38 39 Blackpool
67%
266 293 Portsmouth
67%
38 26 Luton
62%
304 285 Watford
62%
76 53 Huddersfield
57%
236 225 Sheffield United
57%
316 392 Sheffield Wednesday
57%
494 490 West Bromwich
57%
304 331 Wigan
57%
316 391 Wimbledon
48%
114 119 Reading
43%
38 35 Barnsley
38%
304 361 Charlton
38%
84 89 Oldham
38%
42 30 Swindon
33%
76 62 Bradford
24%
No matching quizzes found
Score Distribution
Percent of People with Each Score
Percentile by Number Answered
Your Score History
You have not taken this quiz